Statistics for Geography Mad Gab

Click here to take the quiz!

General Stats

  • This quiz has been taken 15,772 times
  • The average score is 8 of 12

Answer Stats

Hint Answer % Correct
Poor Toe Reek GoPuerto Rico
99%
Chair Rue Say LimbJerusalem
88%
Sea Air Ali OwnSierra Leone
81%
Bank Gall OarBangalore
79%
Care Geese TanKyrgyzstan
74%
Says Catch You OnSaskatchewan
68%
Apple At ChinsAppalachians
67%
Passive Echo ShinPacific Ocean
61%
Marry A Gnat WrenchMariana Trench
48%
Take Ooze Seek All PaTegucigalpa
45%
Fluoride Up And Hand DollFlorida Panhandle
34%
Limp Pope Or EverLimpopo River
23%

Score Distribution

Percentile by Number Answered

Percent of People with Each Score

Your Score History

You have not taken this quiz